00661nam a22002057a 450000500170000001000130001702000220003003500130005203700160006504000120008108200150009310000220010824500870013026000460021727000480026330000260031150000510033765000210038865000460040920170124110204.0 aA-943320 c00.00a8120307771 aA-943320 bCen Lib/Ret aDPLbEN a006.3bPAT aPatterson, Dan W. aIntroduction to artificial intelligence and expert systems /cby Dan W. Patterson  aNew Delhi bPrentice Hall of India c1998 bNew Delhi aM-97, Connaught Circus e110001 axv, 448p. :c21cm(Hb) aIncludes bibliographical references and index  aComputer science aArificial intelligence and expert system